000 00713nam a2200229 i 4500
001 C2-0073634
003 PPAK
005 20180727075835.0
008 970429s1977 my |||| ||||| | may d
040 _aPPAK
_beng
_cPPAK
_erda
082 0 4 _a301.29595
_223
090 0 0 _a301.29595
_bAZI
_dKIH
100 0 _aAziz Deraman,
_eauthor
245 1 0 _aDasar Kebudayaan Kebangsaan :
_bhubungannya dengan perkembangan kebudayaan negara
264 1 _aKuala Lumpur :
_bKementerian Kebudayaan, Belia dan Sukan Malaysia ,
_c1977
300 _a26 pages ;
_c19 cm
336 _2rdacontent
_atext
337 _2rdamedia
_aunmediated
338 _2rdacarrier
_avolume
650 1 0 _aMalaysia - Cultural policy
942 _ddc
_cB
999 _c10135
_d10135